Namor the Sub-Mariner Villains by Picture - Statistics

General Stats
  • This quiz has been taken 32 times
  • The average score is 4 of 16
Answer Stats
Picture Answer % Correct
Attuma
89%
Orka
89%
Tiger Shark
71%
Krang
29%
Llyra
25%
U-Man
21%
Doctor Lemuel Dorcas
18%
Piranha
14%
Tyrak
14%
Torg, the Abominable Snow-King
11%
Bloodtide
4%
Captain Barracuda
4%
Dragonrider
4%
Llyron
4%
Manowar
4%
Sea Leopard
4%
No matching quizzes found
Score Distribution
Percent of People with Each Score
Percentile by Number Answered
Your Score History
You have not taken this quiz